Eucarístia (Record no. 36877)

MARC details
000 -LEADER
campo de control de longitud fija 00777nam a2200217 i 4500
001 - NÚMERO DE CONTROL
campo de control 36877
003 - IDENTIFICADOR DE NÚMERO DE CONTROL
campo de control ES-MaACL
005 - FECHA Y HORA DE LA ÚLTIMA TRANSACCIÓN
campo de control 20250830063153.0
007 - CAMPO FIJO DE DESCRIPCIÓN FÍSICA--INFORMACIÓN GENERAL
campo de control de longitud fija t|
008 - DATOS DE LONGITUD FIJA--INFORMACIÓN GENERAL
campo de control de longitud fija 030219s1969 sp |||| | spa d
100 1# - ENTRADA PRINCIPAL--NOMBRE DE PERSONA
Nombre de persona Bouyer, Louis (
Fechas asociadas al nombre 1913-2004)
9 (RLIN) 31095
245 10 - MENCIÓN DEL TÍTULO
Título Eucarístia
Resto del título : teología y espiritualidad de la oración eucarística /
Mención de responsabilidad, etc. Louis Bouyer ; [versión de Alejandro Esteban Lator Ros].
260 ## - PUBLICACIÓN, DISTRIBUCIÓN, ETC.
Lugar de publicación, distribución, etc. Barcelona :
Nombre del editor, distribuidor, etc. Herder,
Fecha de publicación, distribución, etc. 1969.
300 ## - DESCRIPCIÓN FÍSICA
Extensión 486 p. ;
Dimensiones 22 cm.
490 1# - MENCIÓN DE SERIE
Mención de serie Biblioteca Herder. Sección de Liturgia ;
Designación de volumen o secuencia 114
650 04 - PUNTO DE ACCESO ADICIONAL DE MATERIA--TÉRMINO DE MATERIA
Término de materia o nombre geográfico como elemento de entrada Eucaristía-
Subdivisión general Adoración.
9 (RLIN) 156354
700 1# - ENTRADA AGREGADA--NOMBRE PERSONAL
Nombre de persona Lator Ros, Alejandro Esteban.
9 (RLIN) 70527
830 00 - PUNTO DE ACCESO ADICIONAL DE SERIE-TÍTULO UNIFORME
Título uniforme Biblioteca Herder.
Nombre de parte o sección de la obra Sección de liturgia
Designación de volumen o secuencia 114
9 (RLIN) 229612
852 ## - LOCALIZACIÓN
Ubicación ES-MaACL
Número de control de estantería C-37145
Holdings
Estatus retirado Estado de pérdida Estado de daño No para préstamo Biblioteca de origen Biblioteca actual Ubicación en estantería Fecha de adquisición Fuente de adquisición Total de préstamos Signatura topográfica completa Código de barras Visto por última vez Precio de reemplazo Tipo de ítem Koha
        Biblioteca del Ateneo de Madrid Biblioteca del Ateneo de Madrid Depósito 2 17/01/2008     C-37145 1038782 23/02/2023 23/02/2023 Libro impreso